1695 1093 1994 1152 1079 1163 1248 1340 1218 1067 1647 1564 1974 1469 1631 1982 1445 1305 1540 1415 1157 1218 1255 1474 1925 1403 1380 1110 1458 1772 1692 1414 1829 1576 1177 1989 1569 1741 1766 1297 1757 1260 1668 1490 1951 1214 1015 1780 1349 1213 1347 1861 1408 1740 1817 1864 1738 1710 1495 1531 1461 1087 1374 1320 1224 1249 1735 1487 1712 1317 1264 1101 1304 1407 1011 1244 1684 1949 1200 1783 1802 1995 1142 1680 1709 1383 1177 1975 1296 1281 1320 1780 1858 1063 1998 1482 1878 1336 1959 BCNSPRNW ULIB Ver.6.0+V

เปลี่ยนเป็นภาษาไทย

Change to English
 แสดงรายละเอียดบรรณานุกรม
  กลับหน้าหลัก

Brief Record : Get Marc (ISO 2709) : E-mail record : QR code < ปิดหน้าต่าง
LEADER : 00000nam 2200000uu 4500
001    13399127186
003     ULIB
008    191021s2562||||th 000 0 tha d
020 ^- ^a9786163471338
050 ^- ^aนว.^bป534ส
100 0^ aปัณฑารีย์.
245 10 ^aเสน่หาใกล้ใจ /^cปัณฑารีย์.
250 ^- ^aพิมพ์ครั้งที่ 1.
260 ^- ^aกรุงเทพฯ :^bห้างหุ้นส่วนจำกัด ไลด์ ออฟ เลิฟ บุ๊คส์,^c2562
300 ^- ^a272 หน้า.
945    ^p265^l0^i27878
999    ^aกัณชพร จุลอักษร
รายการนี้ยังไม่มีแท็ก
คุณยังไม่ได้ล็อกอิน คุณสามารถมีกิจกรรมร่วมกับเว็บไซต์ได้ แต่ต้องล็อกอินก่อน ::
  ล็อกอิน

รายการสื่อสารสนเทศ

ลำดับที่ ประเภท เลขเรียก/บาร์โค้ด สถานที่ สถานะ
1. วิทยาศาสตร์การแพทย์ และสุขภาพ
วิทยาศาสตร์การแพทย์ และสุขภาพ
นว. ป534ส ฉ.1 
  Barcode: 27878
ห้องสมุดวิทยาเขตนครสวรรค์
►นวนิยาย:l:Fiction
บนชั้น

BibComment


ยังไม่เคยถูกคอมเมนท์

คอมเมนท์ทรัพยากรรายการนี้
  คอมเมนท์: เสน่หาใกล้ใจ ปั..


 Copyright 2026. Bcnsprnw @Library